Security engineering : a guide to building dependable distributed systems
Enregistré dans:
| Auteur principal: | |
|---|---|
| Format: | Livre |
| Publié: |
Wiley
|
| Tags: |
Pas de tags, Soyez le premier à ajouter un tag!
|
MARC
| LEADER | 00000nam a2200000Ia 4500 | ||
|---|---|---|---|
| 005 | 20260515061619.0 | ||
| 100 | |a Anderson, Ross, | ||
| 020 | |a 9781119642787 | ||
| 942 | |c BK | ||
| 245 | |a Security engineering : a guide to building dependable distributed systems | ||
| 260 | |b Wiley | ||
| 999 | |c 87 |d 87 | ||
| 952 | |0 0 |1 0 |4 0 |7 0 |a ABDN |b ABDN |d 2026-05-15 |l 0 |p 000031 |r 2026-05-15 06:16:19 |w 2026-05-15 |y BK | ||